Hotel Front Office Operations and Management (Record no. 11242)

MARC details
000 -LEADER
fixed length control field 00289nam a22000977a 4500
008 - FIXED-LENGTH DATA ELEMENTS--GENERAL INFORMATION
fixed length control field 181113b ||||| |||| 00| 0 eng d
020 ## - INTERNATIONAL STANDARD BOOK NUMBER
International Standard Book Number 0199464693
100 ## - MAIN ENTRY--PERSONAL NAME
Personal name Tewari,R.Jatashankar
9 (RLIN) 6991
245 ## - TITLE STATEMENT
Title Hotel Front Office Operations and Management
260 ## - PUBLICATION, DISTRIBUTION, ETC. (IMPRINT)
Place of publication, distribution, etc. UK
Name of publisher, distributor, etc. Oxford University Press
Date of publication, distribution, etc. 2018
Holdings
Withdrawn status Lost status Source of classification or shelving scheme Damaged status Koha normalized classification for sorting Not for loan Home library Current library Shelving location Date acquired Total Checkouts Full call number Barcode Checked out Date last seen Date last checked out Price effective from Koha item type
    Dewey Decimal Classification   664_000000000000000   Good Samaritan School Library Good Samaritan School Library Home Science 11/13/2018 4 664 TEW15194 10/08/2024 09/24/2024 09/24/2024 11/13/2018 BOOK

Powered by Koha